03196nam a22004695i 4500999001700000006001900017007001500036008004100051020003500092072001600127072002300143072001500166082001600181245013300197250001800330260002700348300006600375490004800441505087700489520065501366650002302021650002202044650002602066650002002092650002102112650004202133650002102175650005102196650002002247650002102267700008002288710003402368773002602402776003602428776003602464776003602500830004802536856004602584942001302630950003902643950004402682 c26889d26889a|||||o|||| 00| 0 cr nn 008mamaa210715s2022 si | s |||| 0|eng d a9789811620195qOnline Resource 7aTJK2bicssc 7aTEC0410002bisacsh 7aTJK2thema04a621.38222310aSmart Global Megacitiesh[electronic resource] :bCollaborative Research: Tokyo, Mumbai, New York, Hong Kong-Shenzhen, Kolkata / a1st ed. 2022. aLondonbSpringerc2022 aVI, 460 p. 173 illus., 153 illus. in color.bonline resource.1 aAdvances in 21st Century Human Settlements,0 aThe Configuration of Smart and Global Mega Cities -- E-Commerce and the City: Vignettes from Kozhikode, India -- TERRITORIAL INTELLIGENCE PROJECT: GOVERNANCE FOR MEGALOPOLIS URBAN-RURAL LINKAGE PATTERNC comparativestudy between Po River Valley Megalopolis Region, Italy & Chennai and Kolkata, India -- TOKYO GLOBAL MEGACITY - Smart Sustainable Energy Solutions -- Smart Mega Global City: A Roadmap of Mobility as a Service for Mumbai -- Assessment of Mumbai to serve as a Smart Global Mega City -- Planning for Resiliency and Climate Protection in the New York Megacity -- Towards a Smart Mega City: Hong Kong and Shenzhen -- Smart Global Megacities SPATIAL STRATEGIES FOR KOLKATA METROPOLITAN REGION -- International Collaborative Research: “Smart Global Mega Cities” and Conclusions of Cities Case Studies: Tokyo,Delhi,Mumbai, New York, Hong Kong,Shen Zhen, Kolkata. aThis book, the first volume, highlights 8 out of a total of about 36 megacities in the World which by definition have 10 million inhabitants. The cities/chapters presented in this book are based on recent advance such as the wide use of ICT, IOT, e-Governance, e-Democracy, smart economy and flattening and acceleration of the world that is taking place in recent times as reported by 3 times Pulitzer Prize Winner Thomas Friedman. It therefor departs from other ideologies where only a certain megacity qualifies for the title of smart global megacities while in reality every megacity can, and presents how smart global megacities can be created. . 0aTelecommunication. 0aSociology, Urban. 0aApplication software. 0aSustainability. 0aUrban economics.14aCommunications Engineering, Networks.24aUrban Sociology.24aComputer and Information Systems Applications.24aSustainability.24aUrban Economics.1 aVinod Kumar, T. M.eeditor.4edt4http://id.loc.gov/vocabulary/relators/edt2 aSpringerLink (Online service)0 tSpringer Nature eBook08iPrinted edition:z978981162018808iPrinted edition:z978981162020108iPrinted edition:z9789811620218 0aAdvances in 21st Century Human Settlements,40uhttps://doi.org/10.1007/978-981-16-2019-5 2ddccEBK aEngineering (SpringerNature-11647) aEngineering (R0) (SpringerNature-43712)